Math - Level 3 - Statistics

General Stats
  • This quiz has been taken 788 times
  • The average score is 9 of 12
Answer Stats
Hint Answer % Correct
318+523 841
97%
284+437 721
81%
714-383 331
79%
252/9 28
77%
13*17 221
76%
473/11 43
74%
723-146 577
72%
137+625 762
71%
865-324 541
67%
19*23 437
58%
690/15 46
57%
39*18 702
43%
No matching quizzes found
Score Distribution
Percent of People with Each Score
Percentile by Number Answered
Your Score History
You have not taken this quiz